000
00226nam a2200097Ia 4500
999
_c
13146
_d
13146
100
_a
Steve McQuerry
245
0
_a
Interconnecting Cisco Network Devices
260
_a
New Delhi
_b
McGraw Hill
_c
2017
300
_a
442
942
_c
BK